Catálogo

GENETICA (Registro nro. 34624)

Detalles MARC
000 -LEADER
fixed length control field 00417nam a2200181 a 4500
001 - CONTROL NUMBER
control field 34624
005 - DATE AND TIME OF LATEST TRANSACTION
control field 20230414123606.0
008 - FIXED-LENGTH DATA ELEMENTS--GENERAL INFORMATION
fixed length control field 140415s1970 mx 000 0 spa d
041 ## - LANGUAGE CODE
Language code of text/sound track or separate title spa
082 ## - DEWEY DECIMAL CLASSIFICATION NUMBER
Classification number 575.1
Item number HER
100 1# - MAIN ENTRY--PERSONAL NAME
Personal name HERSKOWITZ, IRWIN H.
245 10 - TITLE STATEMENT
Title GENETICA
250 ## - EDITION STATEMENT
Edition statement 1a ed.
260 ## - PUBLICATION, DISTRIBUTION, ETC.
Place of publication, distribution, etc. MEXICO :
Name of publisher, distributor, etc. CECSA,
Date of publication, distribution, etc. 1970
300 ## - PHYSICAL DESCRIPTION
Extent 765
650 14 - SUBJECT ADDED ENTRY--TOPICAL TERM
Topical term or geographic name entry element GENETICA
700 1# - ADDED ENTRY--PERSONAL NAME
Personal name MERINO AMBROSIO, ANTONIO
Relator term tr.
Existencias
Withdrawn status Lost status Source of classification or shelving scheme Damaged status Not for loan Collection code Home library Current library Shelving location Date acquired Source of acquisition Inventory number Total Checkouts Total Renewals Full call number Barcode Date last seen Date last checked out Price effective from Koha item type
    Dewey Decimal Classification     General Biblioteca Karol Wojtyla Biblioteca Karol Wojtyla Sala general 03/12/2013 Compra 151000000000000000000741 17 5 575.1 HER 5238 26/02/2026 13/02/2026 22/05/2014 Libro